| 000 | | | 03546nmc2a22002413x 450 |
| 001 | | | a061c6ec-f915-4923-a037-135434b7281b |
| 005 | | | 20230831021440.0 |
| 100 | ## | $a | 20221222l19101912k l0rusy0189 ca |
| 101 | 0# | $a | rus |
| 102 | ## | $a | RU |
| 105 | ## | $a | y### |
| 122 | 1# | $a | d |
| 200 | 1# | $a | Вырезки из газет по вопросам деятельности Министерства народного просвещения |
| | $j | 1910 г.; 1912 г. |
| 215 | ## | $a | 34 л. |
| | $d | 31х22 см |
| 251 | ## | $c | Дело |
| 300 | ## | $a | Дело |
| 371 | ## | $a | Документ не является опубликованным и широко распространяемым |
| 461 | #0 | $1 | 001a74412a3-3cc5-4d21-8f0a-dfe2fbd9e72d |
| | $1 | 2001 |
| | $a | Департамент народного просвещения Министерства народного просвещения (1803-1917) |
| | $1 | 251 |
| | $c | Фонд |
| | $1 | 852 |
| | $j | 733 |
| 462 | #0 | $1 | 001eee5cd01-9790-469a-9945-6bffddbc7761 |
| | $1 | 2001 |
| | $a | Разряд общих дел |
| | $1 | 251 |
| | $c | Опись |
| | $1 | 852 |
| | $j | 228 |
| 801 | #0 | $a | RU |
| | $b | РГИА |
| | $c | 20221222 |
| | $g | RCR |
| 801 | #1 | $a | RU |
| | $b | ГлавНИВЦ |
| | $c | 20221222 |
| | $2 | rusmarc |
| 801 | #2 | $a | RU |
| | $b | ПБ им. Б.Н. Ельцина |
| | $c | 20230831 |
| | $g | RCR |
| | $2 | rusmarc |
| 850 | ## | $a | РГИА |
| 852 | ## | $a | РГИА |
| | $e | Федеральное казенное учреждение "Российский государственный исторический архив" (РГИА) |
| | $j | 149 |
| 937 | ## | $h | РГИА |
| | $d | 12396378 |
| | $a | ASBIBLIO_SCAN |
| 035 | ## | $a | RusGRCC00058987 |
| 856 | ## | $u | http://readingroom.main.prlib.ru/item.aspx?id_node=n187272005&mode=full |